| 000 | 00546nam a22001817a 4500 | ||
|---|---|---|---|
| 005 | 20251108171949.0 | ||
| 008 | 250721s2003 xx 000 0 ara d | ||
| 082 | 1 | 4 | _a362.4/خطي |
| 100 | 1 | _aالخطيب، جمال | |
| 245 | 1 | 0 | _aالشلل الدماغي و الإعاقة الحركية / |
| 264 | 1 |
_aعمان : _bدار الفكر للنشر، _c2003. |
|
| 300 | _a288ص. | ||
| 650 | 1 | 7 | _aالتعليم الخاص |
| 650 | 1 | 7 | _aالشلل الدماغي |
| 650 | 1 | 7 | _aالجهاز العصبي |
| 942 |
_2ddc _cBK |
||
| 999 |
_c67050 _d67050 |
||